[Event "Skakligaen 2024-25"]
[Site "Denmark"]
[Date "2024.12.08"]
[Round "4.5"]
[White "Haubro, Sigfred"]
[Black "Hedevang, Benjamin"]
[Result "1-0"]
[WhiteElo "2120"]
[BlackElo "2062"]
[EventDate "2024.11.02"]
[EventType "team-tourn"]
[EventRounds "9"]
[EventCountry "DEN"]
[SourceTitle "Holdskaksystemet"]
[WhiteTeam "BMS"]
[BlackTeam "Nordre"]
[WhiteTeamCountry "DEN"]
[BlackTeamCountry "DEN"]

1. b4 d5 2. Bb2 Nf6 3. e3 g6 4. Nf3 Bg7 5. Be2 O-O 6. O-O Re8 7. d4 Nbd7 8. Nbd2 b6 9. c4 Bb7 10. Rc1 dxc4
11. Bxc4 e6 12. Qb3 a5 13. b5 Bf8 14. Qc2 Bd6 15. e4 e5 16. Ng5 Re7 17. f4 exf4 18. e5 Nxe5 19. dxe5 Bc5+ 20. Kh1 Ng4
21. Ndf3 Ne3 22. Qc3 Bb4 23. Qb3 Nxc4 24. Qxc4 h6 25. Ne4 Qc8 26. Nf6+ Kf8 27. Qxf4 1-0

[Event "Skakligaen 2024-25"]
[Site "Denmark"]
[Date "2024.12.08"]
[Round "4.6"]
[White "Rewitz, Jan"]
[Black "Nielsen, Thomas Bach"]
[Result "0-1"]
[WhiteElo "2055"]
[BlackElo "2100"]
[EventDate "2024.11.02"]
[EventType "team-tourn"]
[EventRounds "9"]
[EventCountry "DEN"]
[SourceTitle "Holdskaksystemet"]
[WhiteTeam "Nordre"]
[BlackTeam "BMS"]
[WhiteTeamCountry "DEN"]
[BlackTeamCountry "DEN"]

1. d4 f5 2. g4 d5 3. c4 e6 4. Nc3 fxg4 5. Bf4 Bd6 6. Qd2 Nf6 7. h3 g3 8. O-O-O O-O 9. fxg3 c6 10. e4 Bxf4
11. gxf4 dxc4 12. Bxc4 b5 13. Bd3 b4 14. Nce2 Ba6 15. Nf3 c5 16. Bxa6 Nxa6 17. e5 Nd5 18. Ng5 Nac7 19. dxc5 Nxf4 20. Qxd8 Nxe2+ 21. Kd2 Raxd8+ 22. Kxe2 h6 23. Ne4 Nd5 24. Nd6 Nf4+ 25. Ke3 Ng6 26. Nc4 Rc8 27. Rhg1 Nh4 28. Rd7 g5 29. Rxa7 Rxc5 30. b3 Rd5 31. Rb7 Rf3+ 32. Ke2 Rxh3 33. Rxb4 Rh2+ 34. Ke3 Nf5+ 35. Ke4 Rd4+ 36. Kf3 Rf4# 0-1

[Event "Skakligaen 2024-25"]
[Site "Denmark"]
[Date "2024.12.08"]
[Round "4.7"]
[White "Brorsen, Jacob Abildlund"]
[Black "Holm, Filip Martin Kierulf Hou"]
[Result "0-1"]
[WhiteElo "2114"]
[BlackElo "2000"]
[EventDate "2024.11.02"]
[EventType "team-tourn"]
[EventRounds "9"]
[EventCountry "DEN"]
[SourceTitle "Holdskaksystemet"]
[WhiteTeam "BMS"]
[BlackTeam "Nordre"]
[WhiteTeamCountry "DEN"]
[BlackTeamCountry "DEN"]

1. d4 g6 2. e4 d6 3. Nf3 Bg7 4. Nc3 Nf6 5. h3 h5 6. Be3 c6 7. Ng5 Qa5 8. Qd2 b5 9. e5 b4 10. exf6 bxc3
11. fxg7 cxd2+ 12. Bxd2 Qxd2+ 13. Kxd2 Rg8 14. Bd3 Rxg7 15. Rae1 Bf5 16. Bc4 d5 17. Bb3 Kd7 18. Re3 f6 19. Nf3 Be4 20. Ne1 g5 21. f3 Bh7 22. h4 g4 23. f4 Na6 24. Rf1 Be4 25. f5 g3 26. Rf4 Nc7 27. Ba4 Rag8 28. Rc3 Rg4 29. Bxc6+ Kc8 30. Rf1 Rxh4
31. Rc5 Rh2 32. Rg1 h4 33. Ke3 h3 34. c4 hxg2 35. Bxd5 Rh1 36. Bxe4 Rxg1 37. Nxg2 Rg4 38. Bf3 Rg5 39. b3 Ra1 40. Nf4 Kb8
41. Ra5 e6 42. Be4 Re1+ 43. Kf3 Rf1+ 44. Ke3 exf5 45. Bf3 Ne6 46. Rb5+ Kc8 47. Bb7+ Kd7 48. Bc6+ Kxc6 49. d5+ Kc7 50. Nxe6+ Kd6 51. c5+ Kxd5 52. Nxg5 fxg5 0-1

[Event "Skakligaen 2024-25"]
[Site "Denmark"]
[Date "2024.12.08"]
[Round "4.8"]
[White "Pedersen, Peer Ole"]
[Black "Simonsen, Jesper"]
[Result "1/2-1/2"]
[WhiteElo "2020"]
[BlackElo "2113"]
[EventDate "2024.11.02"]
[EventType "team-tourn"]
[EventRounds "9"]
[EventCountry "DEN"]
[SourceTitle "Jesper Simonsen"]
[WhiteTeam "Nordre"]
[BlackTeam "BMS"]
[WhiteTeamCountry "DEN"]
[BlackTeamCountry "DEN"]

1. c4 c5 2. Nc3 Nc6 3. g3 g6 4. Bg2 Bg7 5. Nf3 d6 6. O-O e6 7. d3 Nge7 8. Qd2 O-O 9. b3 a6 10. Bb2 Rb8 11. Ne4 e5 12. Nc3 h6 13. Ne1 b5 14. e3 Be6 15. Nd5 Qd7 16. Bh1 Bh3 17. Ng2 Be6 18. Ne1 Bh3 19. Ng2 Be6 20. Ne1 1/2-1/2

[Event "Skakligaen 2024-25"]
[Site "Denmark"]
[Date "2024.12.08"]
[Round "4.1"]
[White "Hillarp Persson, Tiger"]
[Black "Ochsner, Bjorn Moller"]
[Result "1/2-1/2"]
[WhiteElo "2459"]
[BlackElo "2503"]
[EventDate "2024.11.02"]
[EventType "team-tourn"]
[EventRounds "9"]
[EventCountry "DEN"]
[SourceTitle "Uffe Vinther Schou"]
[WhiteTeam "Bronshoj"]
[BlackTeam "AarhusSkolerne"]
[WhiteTeamCountry "DEN"]
[BlackTeamCountry "DEN"]

1. d4 d5 2. Nf3 Nf6 3. c4 e6 4. Nc3 dxc4 5. e3 a6 6. a4 c5 7. Bxc4 Nc6 8. O-O Be7 9. Ne5 Bd7 10. Nxd7 Qxd7 11. dxc5 Qxd1 12. Rxd1 Bxc5 13. Bd2 Ke7 14. Be2 Rhd8 15. Be1 Rxd1 16. Rxd1 Rd8 17. Rxd8 Kxd8 18. Na2 Nd5 19. Bf3 Kc7 20. Kf1 Ndb4 21. Nxb4 Nxb4 22. Ke2 Nc6 23. Bc3 f6 24. Kd3 Ne5+ 1/2-1/2

[Event "Skakligaen 2024-25"]
[Site "Denmark"]
[Date "2024.12.08"]
[Round "4.2"]
[White "Glud, Jakob Vang"]
[Black "Falkesgaard, Jeppe Hald"]
[Result "1-0"]
[WhiteElo "2513"]
[BlackElo "2247"]
[EventDate "2024.11.02"]
[EventType "team-tourn"]
[EventRounds "9"]
[EventCountry "DEN"]
[SourceTitle "Uffe Vinther Schou"]
[WhiteTeam "AarhusSkolerne"]
[BlackTeam "Bronshoj"]
[WhiteTeamCountry "DEN"]
[BlackTeamCountry "DEN"]

1. c4 c6 2. Nf3 d5 3. g3 Nf6 4. Bg2 Nbd7 5. d4 e6 6. Nbd2 Bd6 7. O-O O-O 8. Qc2 b6 9. e4 dxe4 10. Nxe4 Nxe4 11. Qxe4 Bb7 12. Qc2 Qc7 13. Rd1 h6 14. Bd2 c5 15. dxc5 Nxc5 16. b4 Ne4 17. Be1 Rfd8 18. Nd4 Ng5 19. f4 Bxg2 20. Qxg2 Bxf4 21. gxf4 Qxf4 22. h4 Ne4 23. Qf3 Qxf3 24. Nxf3 Rxd1 25. Rxd1 Rc8 26. Rd4 f5 27. Ne5 g5 28. Rd7 g4 29. Bf2 f4 30. Bd4 Ng3 31. Ng6 Nf5 32. Be5 f3 33. Rg7+ Nxg7 34. Ne7+ Kf7 35. Nxc8 Nf5 36. Nd6+ Kg6 37. Kf2 Nxd6 38. Bxd6 Kf5 39. c5 bxc5 40. bxc5 e5 41. c6 Kf4 42. Bxe5+ Kxe5 43. c7 1-0

[Event "Skakligaen 2024-25"]
[Site "Denmark"]
[Date "2024.12.08"]
[Round "4.3"]
[White "Hoi, Carsten"]
[Black "Rasmussen, Karsten"]
[Result "0-1"]
[WhiteElo "2306"]
[BlackElo "2399"]
[EventDate "2024.11.02"]
[EventType "team-tourn"]
[EventRounds "9"]
[EventCountry "DEN"]
[SourceTitle "Uffe Vinther Schou"]
[WhiteTeam "Bronshoj"]
[BlackTeam "AarhusSkolerne"]
[WhiteTeamCountry "DEN"]
[BlackTeamCountry "DEN"]

1. Nf3 d5 2. e3 Nf6 3. c4 e6 4. Nc3 c6 5. b3 Bd6 6. Bb2 O-O 7. d4 Nbd7 8. Be2 b6 9. O-O Bb7 10. Qc2 Re8 11. Rac1 Qe7 12. Rfd1 Rad8 13. e4 Nxe4 14. Nxe4 dxe4 15. Qxe4 f5 16. Qe3 c5 17. dxc5 Bxc5 18. Qg5 Qxg5 19. Nxg5 e5 20. Nf3 e4 21. Nd4 f4 22. Nf5 f3 23. gxf3 exf3 24. Bf1 Nf6 25. Bd4 Ba3 26. Ra1 Be4 27. Ne3 Nh5 28. Nd5 Rd6 29. Bd3 Rg6+ 30. Kh1 Bd6 31. Re1 Rge6 32. Bxe4 Rxe4 33. Rxe4 Rxe4 34. Rd1 Rh4 35. Be3 Rxh2+ 36. Kg1 Rg2+ 37. Kh1 Bc5 38. Bxc5 bxc5 39. Rf1 Kf7 40. Ne3 Nf4 41. a3 a5 42. Nf5 Nd3 43. Nd6+ Kg6 0-1

[Event "Skakligaen 2024-25"]
[Site "Denmark"]
[Date "2024.12.08"]
[Round "4.5"]
[White "Thuesen, Mogens Henrik"]
[Black "Vinther Schou, Uffe"]
[Result "1/2-1/2"]
[WhiteElo "2193"]
[BlackElo "2316"]
[EventDate "2024.11.02"]
[EventType "team-tourn"]
[EventRounds "9"]
[EventCountry "DEN"]
[SourceTitle "Uffe Vinther Schou"]
[WhiteTeam "Bronshoj"]
[BlackTeam "AarhusSkolerne"]
[WhiteTeamCountry "DEN"]
[BlackTeamCountry "DEN"]

1. e4 c5 2. Nf3 e6 3. d4 cxd4 4. Nxd4 a6 5. Nc3 Qc7 6. a3 Nf6 7. g3 Nc6 8. Bg2 Nxd4 9. Qxd4 Bc5 10. Qd3 d6 11. O-O O-O 12. Bf4 Rd8 13. Rad1 Ne8 14. e5 d5 15. Ne4 Be7 16. Ng5 g6 17. Rfe1 Ng7 18. g4 h5 19. Bf3 Bd7 20. gxh5 Bb5 21. c4 Qxc4 22. Qxc4 Bxc4 23. hxg6 fxg6 24. Bg4 d4 25. Ne4 Nf5 26. Bxf5 gxf5 27. Nd6 Bxd6 28. exd6 d3 29. b3 Bxb3 30. Rxd3 Bd5 31. h4 Rac8 32. Rg3+ Kf7 33. Be5 Rg8 34. Kh2 Rxg3 35. Kxg3 Rg8+ 36. Kh3 Bg2+ 37. Kh2 Bc6 38. Rg1 Rxg1 39. Kxg1 Kg6 40. Kh2 b5 41. Kg3 a5 42. Bc3 b4 43. axb4 axb4 44. Bxb4 e5 45. Bc3 f4+ 46. Kh2 1/2-1/2

[Event "Skakligaen 2024-25"]
[Site "Denmark"]
[Date "2024.12.08"]
[Round "4.6"]
[White "Baekgaard, Martin"]
[Black "Petersen, Steen Brustrup"]
[Result "1/2-1/2"]
[WhiteElo "2243"]
[BlackElo "2111"]
[EventDate "2024.11.02"]
[EventType "team-tourn"]
[EventRounds "9"]
[EventCountry "DEN"]
[SourceTitle "Uffe Vinther Schou"]
[WhiteTeam "AarhusSkolerne"]
[BlackTeam "Bronshoj"]
[WhiteTeamCountry "DEN"]
[BlackTeamCountry "DEN"]

1. d4 Nf6 2. c4 e6 3. Nc3 Bb4 4. e3 c5 5. Bd3 Nc6 6. Nf3 O-O 7. O-O Bxc3 8. bxc3 d6 9. e4 e5 10. d5 Ne7 11. Nh4 h6 12. Qf3 Kh7 13. h3 Nfg8 14. g4 g5 15. Nf5 Ng6 16. Rb1 Rb8 17. Rb3 Qf6 18. h4 Bxf5 19. hxg5 hxg5 20. exf5 Kg7 21. Bd2 Nf4 22. Rfb1 Qe7 23. Bxf4 exf4 24. Qe4 Rfe8 25. f6+ Qxf6 26. Qh7+ Kf8 27. Rxb7 Re1+ 28. Rxe1 Rxb7 29. Re6 fxe6 30. Qxb7 Qe7 31. Qc8+ Kf7 32. Bg6+ Kxg6 33. Qxg8+ Kf6 34. Qh8+ Qg7 35. Qc8 Qe7 36. Qh8+ Qg7 37. Qc8 Qe7 38. Qh8+ 1/2-1/2

[Event "Skakligaen 2024-25"]
[Site "Denmark"]
[Date "2024.12.08"]
[Round "4.7"]
[White "Holmsgaard, Henrik"]
[Black "Sobjerg, Erik"]
[Result "0-1"]
[WhiteElo "2138"]
[BlackElo "2283"]
[EventDate "2024.11.02"]
[EventType "team-tourn"]
[EventRounds "9"]
[EventCountry "DEN"]
[SourceTitle "Uffe Vinther Schou"]
[WhiteTeam "Bronshoj"]
[BlackTeam "AarhusSkolerne"]
[WhiteTeamCountry "DEN"]
[BlackTeamCountry "DEN"]

1. e4 e6 2. d4 d5 3. e5 c5 4. c3 Nc6 5. Nf3 Bd7 6. Be2 f6 7. O-O Qc7 8. Re1 fxe5 9. Nxe5 Nxe5 10. dxe5 O-O-O 11. Bf3 Ne7 12. Na3 Nf5 13. Nc2 Be7 14. a4 Kb8 15. Bd2 Bc6 16. Bg4 g6 17. Qe2 h5 18. Bxf5 gxf5 19. b4 d4 20. cxd4 cxd4 21. Qc4 Rhg8 22. g3 Qd7 23. b5 Be4 24. Nb4 h4 25. Rac1 hxg3 26. fxg3 Rc8 27. Qb3 d3 28. Nc6+ Bxc6 29. bxc6 Rxc6 30. Rxc6 Qxc6 31. Qxd3 Rd8 32. Qe2 Bc5+ 33. Be3 Bxe3+ 34. Qxe3 Qxa4 35. Qg5 Qd4+ 36. Kf1 a5 37. Qe7 Qc4+ 38. Kg1 Rd2 0-1

[Event "Skakligaen 2024-25"]
[Site "Denmark"]
[Date "2024.12.08"]
[Round "4.1"]
[White "Rozentalis, Eduardas"]
[Black "Hector, Jonny"]
[Result "1-0"]
[WhiteElo "2486"]
[BlackElo "2443"]
[EventDate "2024.11.02"]
[EventType "team-tourn"]
[EventRounds "9"]
[EventCountry "DEN"]
[SourceTitle "Holdskaksystemet"]
[WhiteTeam "Koge"]
[BlackTeam "Nordkalotten"]
[WhiteTeamCountry "DEN"]
[BlackTeamCountry "DEN"]

1. e4 e5 2. Nf3 Nc6 3. Nc3 Nf6 4. Bb5 Nd4 5. O-O c6 6. Bd3 Nxf3+ 7. Qxf3 d6 8. Be2 g5 9. Bc4 Be7 10. d3 Rg8 11. Qe2 Qc7 12. a4 Bg4 13. f3 Be6 14. Bxe6 fxe6 15. Be3 Nh5 16. a5 d5 17. exd5 exd5 18. d4 exd4 19. Bxd4 Nf4 20. Qe3 c5 21. Nb5 Qc6 22. Rfe1 Ng6 23. Bxc5 Rg7 24. Nc3 O-O-O 25. Bxe7 Rxe7 26. Qxa7 Rxe1+ 27. Rxe1 d4 28. Ne4 Nf4 29. Nc5 Qc7 30. a6 b6 31. Qa8+ Qb8 32. Qc6+ Qc7 33. Qb7+ Qxb7 34. axb7+ Kb8 35. Ra1 bxc5 36. Ra8+ 1-0

[Event "Skakligaen 2024-25"]
[Site "Denmark"]
[Date "2024.12.08"]
[Round "4.2"]
[White "Jepson, Christian"]
[Black "Smith, Axel"]
[Result "1/2-1/2"]
[WhiteElo "2404"]
[BlackElo "2432"]
[EventDate "2024.11.02"]
[EventType "team-tourn"]
[EventRounds "9"]
[EventCountry "DEN"]
[SourceTitle "Holdskaksystemet"]
[WhiteTeam "Nordkalotten"]
[BlackTeam "Koge"]
[WhiteTeamCountry "DEN"]
[BlackTeamCountry "DEN"]

1. Nf3 d5 2. g3 Bg4 3. Bg2 Nd7 4. c4 e6 5. cxd5 exd5 6. h3 Bh5 7. O-O Ngf6 8. d4 Bd6 9. Qb3 Nb6 10. a4 a5 11. Nc3 O-O 12. Bg5 Be7 13. g4 Bg6 14. Ne5 c6 15. Rad1 Kh8 16. Nxg6+ hxg6 17. Rfe1 Nfd7 18. Bf4 Bb4 19. e4 dxe4 20. Rxe4 Nf6 21. Bg5 Qd6 22. Re5 Qc7 23. Re3 Rae8 24. Rde1 Rxe3 25. fxe3 Nfd5 26. Rf1 f6 27. Bf4 Nxf4 28. Rxf4 Re8 29. Re4 Rxe4 30. Nxe4 Nd5 31. Qd3 Qe7 32. Kf2 f5 33. Ng3 f4 34. exf4 Nxf4 35. Qe4 Qxe4 36. Bxe4 Nxh3+ 37. Kg2 Nf4+ 38. Kf3 Ne6 39. Ne2 Kh7 40. Ke3 Kh6 41. d5 cxd5 42. Bxd5 Nc5 43. Ng3 Nxa4 44. b3 Nc5 45. Ne4 b5 46. Nxc5 Bxc5+ 47. Kd3 Kg5 48. Be6 Kf4 49. Bd7 g5 50. Bc8 g6 51. Bd7 Kf3 52. Be6 a4 53. bxa4 bxa4 54. Bd7 a3 55. Kc2 Bf8 56. Kb3 Bb4 57. Ka2 Bf8 58. Kb3 Bb4 59. Ka2 Bf8 60. Kb3 Bb4 1/2-1/2

[Event "Skakligaen 2024-25"]
[Site "Denmark"]
[Date "2024.12.08"]
[Round "4.3"]
[White "Meskenas, Paulius"]
[Black "Brynell, Stellan"]
[Result "0-1"]
[WhiteElo "2203"]
[BlackElo "2373"]
[EventDate "2024.11.02"]
[EventType "team-tourn"]
[EventRounds "9"]
[EventCountry "DEN"]
[SourceTitle "Holdskaksystemet"]
[WhiteTeam "Koge"]
[BlackTeam "Nordkalotten"]
[WhiteTeamCountry "DEN"]
[BlackTeamCountry "DEN"]

1. e4 e5 2. Nf3 Nf6 3. Nxe5 d6 4. Nf3 Nxe4 5. d4 d5 6. Bd3 Nc6 7. O-O Be7 8. Re1 Bg4 9. c3 f5 10. Nbd2 O-O 11. Nf1 Bd6 12. Qb3 Bxf3 13. gxf3 Nxf2 14. Kxf2 Qh4+ 15. Ke2 Rae8+ 16. Be3 f4 17. Qxd5+ Kh8 18. Be4 fxe3 19. Kd3 Ne7 20. Qb5 Ng6 21. Bxg6 hxg6 22. Rxe3 Rxe3+ 23. Nxe3 Rxf3 24. Qe8+ Kh7 25. Rg1 Qh5 26. Kc4 Rf8 27. Qe4 Qe2+ 28. Kb3 Qb5+ 0-1

[Event "Skakligaen 2024-25"]
[Site "Denmark"]
[Date "2024.12.08"]
[Round "4.4"]
[White "Sylvan, Jacob"]
[Black "Jorgensen, Brian"]
[Result "1-0"]
[WhiteElo "2328"]
[BlackElo "2260"]
[EventDate "2024.11.02"]
[EventType "team-tourn"]
[EventRounds "9"]
[EventCountry "DEN"]
[SourceTitle "Holdskaksystemet"]
[WhiteTeam "Nordkalotten"]
[BlackTeam "Koge"]
[WhiteTeamCountry "DEN"]
[BlackTeamCountry "DEN"]

1. e4 c5 2. Nf3 Nc6 3. d4 cxd4 4. Nxd4 Nf6 5. Nc3 e5 6. Ndb5 d6 7. Bg5 a6 8. Na3 b5 9. Bxf6 gxf6 10. Nd5 Bg7 11. g3 O-O 12. Bg2 Rb8 13. O-O Ne7 14. Nxe7+ Qxe7 15. c3 f5 16. Nc2 fxe4 17. Bxe4 f5 18. Bd5+ Kh8 19. Nb4 Qf6 20. a4 bxa4 21. Qxa4 f4 22. Qc2 Bh3 23. Rfe1 Rb5 24. Be4 a5 25. Nd5 Qf7 26. c4 Rc5 27. b3 Qh5 28. Qd3 f3 29. Ra4 Bh6 30. Ne3 Rf6 31. b4 axb4 32. Rxb4 Bxe3 33. Rb8+ Rc8 34. Rxc8+ Bxc8 35. Rxe3 Bg4 36. h4 Qf7 37. Qd5 Qxd5 38. Bxd5 Kg7 39. Ra3 h5 40. Kf1 Kf8 41. Ke1 Kg7 42. Ra7+ Kf8 43. Kd2 Ke8 44. Ke3 Kf8 45. Ra6 Ke7 46. Rb6 Rf8 47. Rb7+ Kf6 48. Bxf3 Bxf3 49. Kxf3 Rc8 50. Rh7 Kg6 51. Rd7 Rc6 52. Ke3 Kf5 53. Kd3 Ra6 54. Rf7+ Kg6 55. Rf8 Kg7 56. Rf5 Ra5 57. Rg5+ Kf6 58. Ke3 Ra4 59. Rxh5 Rxc4 60. Rh6+ Ke7 61. h5 d5 62. Ra6 Rc1 63. g4 Rh1 64. h6 Rh3+ 65. Ke2 Kf7 66. g5 Kg8 67. Re6 1-0

[Event "Skakligaen 2024-25"]
[Site "Denmark"]
[Date "2024.12.08"]
[Round "4.5"]
[White "Pedersen, Henrik Dahl"]
[Black "Kristensen, Kaare Hove"]
[Result "1-0"]
[WhiteElo "2254"]
[BlackElo "2297"]
[EventDate "2024.11.02"]
[EventType "team-tourn"]
[EventRounds "9"]
[EventCountry "DEN"]
[SourceTitle "Holdskaksystemet"]
[WhiteTeam "Koge"]
[BlackTeam "Nordkalotten"]
[WhiteTeamCountry "DEN"]
[BlackTeamCountry "DEN"]

1. d4 d5 2. c4 e6 3. Nf3 Nf6 4. Nc3 Be7 5. Bf4 O-O 6. e3 a6 7. Rc1 Nbd7 8. cxd5 exd5 9. Bd3 c6 10. O-O Nh5 11. Be5 Nxe5 12. Nxe5 g6 13. Be2 Ng7 14. Qb3 f6 15. Nd3 Kh8 16. Na4 Bd6 17. Nb6 Rb8 18. Nxc8 Qxc8 19. Nc5 Ne6 20. Nxe6 Qxe6 21. Bf3 f5 22. Rfe1 Qf6 23. g3 Kg7 24. a4 h5 25. Qc3 Qe7 26. Qd3 h4 27. Bg2 Rh8 28. f4 Kf6 29. Kf2 Rbg8 30. g4 fxg4 31. e4 dxe4 32. Rxe4 Qd7 33. d5 g3+ 34. hxg3 hxg3+ 35. Kxg3 g5 36. Re6+ Qxe6 37. dxe6 Ke7 38. Kf2 gxf4 39. Qf5 Rf8 40. Qg6 Rhg8 41. Qh7+ Kf6 42. Qd7 Be7 43. Rc4 Rg4 44. Qd4+ Kg6 45. Be4+ Kh6 46. Rc3 Bh4+ 47. Ke2 Rd8 48. Qe5 1-0

[Event "Skakligaen 2024-25"]
[Site "Denmark"]
[Date "2024.12.08"]
[Round "4.6"]
[White "Hove, Esben Kjems"]
[Black "Nord, Alexander"]
[Result "1/2-1/2"]
[WhiteElo "2305"]
[BlackElo "2202"]
[EventDate "2024.11.02"]
[EventType "team-tourn"]
[EventRounds "9"]
[EventCountry "DEN"]
[SourceTitle "Holdskaksystemet"]
[WhiteTeam "Nordkalotten"]
[BlackTeam "Koge"]
[WhiteTeamCountry "DEN"]
[BlackTeamCountry "DEN"]

1. d4 d5 2. Bf4 Nf6 3. e3 c5 4. Nd2 Nc6 5. Ngf3 e6 6. c3 cxd4 7. exd4 Nh5 8. Be3 Bd6 9. Ne5 Nf6 10. f4 Qb6 11. Qb3 Ng8 12. Nd3 Nge7 13. Be2 f6 14. Qxb6 axb6 15. a3 Bd7 16. O-O Na5 17. g3 O-O 18. Nb4 b5 19. Rae1 Nc4 20. Nxc4 bxc4 21. Bc1 Kf7 22. Bf3 g6 23. Rf2 h5 24. Nc2 Nf5 25. Ne3 Nxe3 26. Bxe3 Rh8 27. Kf1 Ba4 28. Bc1 Rae8 1/2-1/2

[Event "Skakligaen 2024-25"]
[Site "Denmark"]
[Date "2024.12.08"]
[Round "4.7"]
[White "Henriksen, Kasper"]
[Black "Jakobsen, Peter"]
[Result "0-1"]
[WhiteElo "2120"]
[BlackElo "2198"]
[EventDate "2024.11.02"]
[EventType "team-tourn"]
[EventRounds "9"]
[EventCountry "DEN"]
[SourceTitle "Holdskaksystemet"]
[WhiteTeam "Koge"]
[BlackTeam "Nordkalotten"]
[WhiteTeamCountry "DEN"]
[BlackTeamCountry "DEN"]

1. d4 Nf6 2. c4 g6 3. Nc3 Bg7 4. e4 d6 5. f3 O-O 6. Be3 Nc6 7. Qd2 a6 8. Rc1 Bd7 9. Nge2 h5 10. b3 a5 11. h3 e5 12. d5 Nb4 13. c5 Nh7 14. Nd1 f5 15. a3 Na6 16. c6 bxc6 17. dxc6 Be6 18. exf5 gxf5 19. f4 Nf6 20. fxe5 Ne4 21. Qxa5 Nac5 22. Rxc5 Rxa5 23. Rxa5 Bxb3 24. exd6 Qxd6 25. Nf2 Qxc6 26. Nxe4 fxe4 27. Rc5 Qd6 28. Rc1 Qd3 0-1

[Event "Skakligaen 2024-25"]
[Site "Denmark"]
[Date "2024.12.08"]
[Round "4.8"]
[White "Ejsing, Esben"]
[Black "Li, Anna Sofie"]
[Result "1-0"]
[WhiteElo "2105"]
[BlackElo "2073"]
[EventDate "2024.11.02"]
[EventType "team-tourn"]
[EventRounds "9"]
[EventCountry "DEN"]
[SourceTitle "Holdskaksystemet"]
[WhiteTeam "Nordkalotten"]
[BlackTeam "Koge"]
[WhiteTeamCountry "DEN"]
[BlackTeamCountry "DEN"]

1. e4 e5 2. Nc3 Nf6 3. d4 exd4 4. Qxd4 Nc6 5. Qd3 Bc5 6. Bf4 d6 7. Qd2 Be6 8. Bd3 Ng4 9. Nh3 Nge5 10. O-O-O Nxd3+ 11. Qxd3 Nb4 12. Qg3 Bxh3 13. Qxg7 Kd7 14. gxh3 Qe7 15. a3 Rag8 16. Qh6 Nc6 17. Nd5 Qd8 18. Nf6+ Kc8 19. Nxg8 Qxg8 20. Be3 Bb6 21. Bxb6 axb6 22. Qf6 Qe8 23. Rhg1 Rf8 24. Qf5+ Kb8 25. Qxh7 Ne7 26. Qg7 Ng6 27. Kb1 Rh8 28. Rg3 Rh5 29. Re3 Qe6 30. Rd4 b5 31. Qg8+ Ka7 32. Qd8 Rc5 33. Rd5 Rc6 34. Rb3 Qxe4 35. Rdxb5 Qxc2+ 36. Ka2 b6 37. Ra5+ bxa5 38. Qb8+ Ka6 39. Qb7# 1-0

[Event "Skakligaen 2024-25"]
[Site "Denmark"]
[Date "2024.12.08"]
[Round "4.1"]
[White "Nielsen, Viktor Haarmark"]
[Black "Andersen, Mads"]
[Result "0-1"]
[WhiteElo "2368"]
[BlackElo "2592"]
[EventDate "2024.11.02"]
[EventType "team-tourn"]
[EventRounds "9"]
[EventCountry "DEN"]
[SourceTitle "Holdskaksystemet"]
[WhiteTeam "Obro"]
[BlackTeam "Skanderborg"]
[WhiteTeamCountry "DEN"]
[BlackTeamCountry "DEN"]

1. c4 e6 2. Nf3 d5 3. d4 c6 4. e3 f5 5. Bd3 Nh6 6. O-O Nd7 7. b3 g5 8. Bb2 g4 9. Ne5 Nxe5 10. dxe5 Bg7 11. f4 gxf3 12. gxf3 Qg5+ 13. Kh1 Qxe3 14. Rg1 Rg8 15. Qe2 Qxe2 16. Bxe2 Bf8 17. Nc3 Bd7 18. Rad1 O-O-O 19. cxd5 exd5 20. Bd3 Rxg1+ 21. Rxg1 Bc5 22. Rg2 Rg8 23. Ne2 Be6 24. Nf4 Kd7 25. Nh5 Rxg2 26. Kxg2 Be3 27. Nf6+ Ke7 28. Nxh7 c5 29. Nf6 c4 30. bxc4 dxc4 31. Bc2 b5 32. Bc3 Bc5 33. Bd2 Nf7 34. Nh5 Nxe5 35. Nf4 Bf7 36. Bxf5 b4 37. Bb1 c3 38. Bc1 a5 39. Kg3 a4 40. Ne2 Bc4 41. Bg5+ Kf7 42. Nc1 b3 43. axb3 axb3 44. Kf4 Nc6 45. Ke4 c2 46. Bxc2 bxc2 47. Be3 Ba3 48. Bd2 Bb2 49. h4 Na5 0-1

[Event "Skakligaen 2024-25"]
[Site "Denmark"]
[Date "2024.12.08"]
[Round "4.2"]
[White "Pajeken, Jakob Leon"]
[Black "Hansen, Soren Bech"]
[Result "1-0"]
[WhiteElo "2425"]
[BlackElo "2256"]
[EventDate "2024.11.02"]
[EventType "team-tourn"]
[EventRounds "9"]
[EventCountry "DEN"]
[SourceTitle "Holdskaksystemet"]
[WhiteTeam "Skanderborg"]
[BlackTeam "Obro"]
[WhiteTeamCountry "DEN"]
[BlackTeamCountry "DEN"]

1. e4 c5 2. Nf3 Nc6 3. d4 cxd4 4. Nxd4 Qb6 5. Nb3 Nf6 6. Nc3 e6 7. a3 a6 8. Bf4 Be7 9. e5 Nd5 10. Nxd5 exd5 11. Qxd5 O-O 12. Bd3 a5 13. O-O-O a4 14. Nd2 Qxf2 15. Qe4 Qh4 16. g4 g6 17. Rhg1 Bc5 18. Nf3 Qd8 19. Rge1 b6 20. Bg5 Be7 21. Bh6 Bb7 22. Qf4 Na5 23. Bxf8 Qxf8 24. Be4 Bc6 25. Bxc6 dxc6 26. e6 f6 27. Rd7 Re8 28. g5 fxg5 29. Qf7+ Qxf7 30. exf7+ Kxf7 31. Nxg5+ Kf8 32. Nxh7+ Kf7 33. Ng5+ Kf8 34. Ne6+ Kg8 35. Nf4 Kf7 36. Nxg6 Kxg6 37. Rdxe7 Rh8 38. R7e2 Rh3 39. Rg2+ Kh7 40. Re7+ Kh6 41. Re8 Kh7 42. Reg8 Rf3 43. R8g3 Rf1+ 44. Kd2 Nc4+ 45. Kc3 1-0

[Event "Skakligaen 2024-25"]
[Site "Denmark"]
[Date "2024.12.08"]
[Round "4.3"]
[White "Rasmussen, Casper Dahl"]
[Black "Pedersen, Nicolai Vesterbaek"]
[Result "0-1"]
[WhiteElo "2247"]
[BlackElo "2347"]
[EventDate "2024.11.02"]
[EventType "team-tourn"]
[EventRounds "9"]
[EventCountry "DEN"]
[SourceTitle "Holdskaksystemet"]
[WhiteTeam "Obro"]
[BlackTeam "Skanderborg"]
[WhiteTeamCountry "DEN"]
[BlackTeamCountry "DEN"]

1. c4 e5 2. Nc3 Bb4 3. e4 Bxc3 4. dxc3 Nc6 5. f3 Nge7 6. Nh3 d6 7. Nf2 f5 8. Bd3 O-O 9. Be3 Be6 10. Qe2 a5 11. g3 Qe8 12. b3 Qf7 13. O-O f4 14. gxf4 exf4 15. Bd4 Ne5 16. Bxe5 dxe5 17. c5 Rad8 18. Rfd1 Ng6 19. Kh1 Nh4 20. Rg1 Qh5 21. Ng4 Kh8 22. Rad1 Rd7 23. Bb5 Rxd1 24. Qxd1 Qg5 25. Be2 h5 26. Nf2 Qf6 27. Qe1 g5 28. Nd3 Rd8 29. Qf2 Kh7 30. Rd1 Bh3 31. Ne1 Rxd1 32. Bxd1 g4 33. Qd2 g3 34. Qd5 gxh2 35. Qd2 Qg5 36. Qxh2 Qg3 37. Qxg3 fxg3 38. f4 exf4 39. Bxh5 Kh6 40. Be2 Kg5 41. Nf3+ Nxf3 42. Bxf3 Bg4 43. Kg2 Bxf3+ 44. Kxf3 Kh4 0-1

[Event "Skakligaen 2024-25"]
[Site "Denmark"]
[Date "2024.12.08"]
[Round "4.4"]
[White "Boe, Mads"]
[Black "Skonnord, Uno"]
[Result "1-0"]
[WhiteElo "2268"]
[BlackElo "2150"]
[EventDate "2024.11.02"]
[EventType "team-tourn"]
[EventRounds "9"]
[EventCountry "DEN"]
[SourceTitle "Holdskaksystemet"]
[WhiteTeam "Skanderborg"]
[BlackTeam "Obro"]
[WhiteTeamCountry "DEN"]
[BlackTeamCountry "DEN"]

1. e4 c5 2. c3 Nf6 3. e5 Nd5 4. d4 cxd4 5. Nf3 g6 6. Qxd4 e6 7. Bg5 Be7 8. Bxe7 Qxe7 9. c4 Nc6 10. Qd2 Nc7 11. Nc3 O-O 12. Ne4 Ne8 13. O-O-O f6 14. exf6 Nxf6 15. Nd6 a6 16. Ng5 b5 17. c5 Rb8 18. g3 Bb7 19. Bg2 Nd8 20. f4 Bd5 21. Bxd5 Nxd5 22. Rhe1 Qg7 23. Qg2 b4 24. Rxd5 exd5 25. Qxd5+ Kh8 26. Ne8 Qh6 27. Qe5+ 1-0